[Event "World Team-ch Women 2017"]
[Site "Khanty-Mansyisk"]
[Date "2017.06.24"]
[Round "7"]
[White "Vo, Thi Kim Phung"]
[Black "Yu, Jennifer R"]
[Result "0-1"]
[WhiteElo "2378"]
[BlackElo "2319"]
[Annotator "NA"]
[PlyCount "94"]
[EventDate "2017.??.??"]
[EventType "team-tourn"]
[EventCountry "RUS"]
[SourceTitle "playchess.com"]
[Source "ChessBase"]
[SourceQuality "1"]
[WhiteTeam "VIE"]
[BlackTeam "USA"]
[WhiteTeamCountry "VIE"]
[BlackTeamCountry "USA"]
[TimeControl "40/5400+30:1800+30"]

1. d4 {[%emt 0:00:00]} d5 {[%emt 0:00:08]} 2. Nf3 {[%emt 0:00:00]} Nf6 {[%emt 0:00:10]} 3. g3 {[%emt 0:00:00]} c6 {[%emt 0:01:23]} 4. Bg2 {[%emt 0:00:01]} Bf5 {[%emt 0:00:49]} 5. O-O {[%emt 0:00:38]} e6 {[%emt 0:01:18]} 6. c4 {[%emt 0:00:44]} Nbd7 {[%emt 0:05:26]} 7. Nc3 {[%emt 0:01:04]} dxc4 {[%emt 0:05:07] D11: Slav Defence: 3 Nf3 sidelines and 3...Nf6 4 e3 Bg4} 8. Nh4 {[%emt 0:01:24]} (8. a4 a5 9. Nh4 Bg4 10. h3 Bh5 11. f4 Nd5 12. Nf3 Bg6 13. Nh4 Bh5 14. Nf3 Bb4 15. Qc2 {0-1 (32) Shimanov,A (2639)-Adhiban,B (2689) Atlantic City 2016}) 8... Bg4 {[%emt 0:00:38]} 9. h3 {[%emt 0:01:16]} Bh5 $1 {[%emt 0:00:06]} 10. g4 {[%emt 0:00:51]} Nd5 {[%emt 0:03:19]} 11. e4 {[%emt 0:10:58] LiveBook: 4 Games} Nb4 {[%emt 0:13:03]} 12. Nf3 {[%emt 0:09:23]} Bg6 {[%emt 0:00:09]} 13. Be3 $146 {[%emt 0:01:01]} ({Predecessor:} 13. b3 cxb3 14. Qxb3 Qc7 15. Rb1 {1-0 (53) Lintchevski,D (2532)-Hasangatin,R (2509) Kazan 2017}) 13... Nd3 {[%emt 0:12:08]} 14. a3 {[%emt 0:11:42]} Nxb2 {[%emt 0:10:21]} 15. Qb1 {[%emt 0:00:16]} Qb6 {[%emt 0:00:22]} 16. Nd2 {[%emt 0:01:33]} h5 {[%emt 0:06:39]} 17. gxh5 {[%emt 0:07:48]} ({Better is} 17. Qc2 $14) 17... Rxh5 {[%emt 0:01:40]} 18. Qc2 $11 {[%emt 0:00:22]} c5 {[%emt 0:10:18]} 19. dxc5 {[%emt 0:16:43]} Bxc5 {[%emt 0:00:09]} 20. Rab1 {[%emt 0:02:52]} Bxe3 {[%emt 0:02:36]} 21. Rxb2 {[%emt 0:01:12]} Qc5 {[%emt 0:02:25]} 22. Rb5 {[%emt 0:07:55]} Qxa3 {[%emt 0:05:55]} 23. Nxc4 {[%emt 0:02:37]} Qa6 {[%emt 0:02:29]} 24. Rxh5 {[%emt 0:02:23]} Bxh5 {[%emt 0:00:04]} 25. Nxe3 {[%emt 0:00:36]} Rc8 {[%emt 0:00:09]} 26. Qb2 {[%emt 0:01:17]} Rc5 {[%emt 0:05:06]} 27. Ra1 {[%emt 0:04:55]} Qd3 {[%emt 0:04:52]} 28. Ncd1 {[%emt 0:01:11]} Rg5 {[%emt 0:02:38]} 29. Qxb7 {[%emt 0:05:15]} Bf3 {[%emt 0:00:04]} 30. Qb1 {[%emt 0:05:03]} Bxg2 {[%emt 0:01:51]} 31. Nxg2 {[%emt 0:00:28]} Qxh3 {[%emt 0:00:05]} 32. Nde3 {[%emt 0:00:11]} Rh5 {[%emt 0:00:11]} 33. f4 {[%emt 0:01:46]} a5 {[%emt 0:02:31]} 34. Kf2 {[%emt 0:00:31]} g5 {[%emt 0:01:20]} 35. f5 {[%emt 0:01:07]} g4 {[%emt 0:00:04]} 36. Ke2 {[%emt 0:02:20]} Qf3+ {[%emt 0:00:31]} 37. Kd3 {[%emt 0:00:07]} exf5 {[%emt 0:00:20]} 38. exf5 {[%emt 0:00:55]} Rxf5 {[%emt 0:00:23]} 39. Qe1 {[%emt 0:00:15]} Re5 {[%emt 0:01:57]} 40. Rxa5 {[%emt 0:00:00]} Qe4+ {[%emt 0:00:07]} 41. Kc3 {[%emt 0:15:13]} Rxa5 {[%emt 0:00:15]} 42. Nc4 {[%emt 0:02:33]} Qxe1+ {[%emt 0:01:03]} 43. Nxe1 {[%emt 0:00:02]} Ra1 {[%emt 0:01:17]} 44. Ng2 {[%emt 0:00:39]} Ra2 {[%emt 0:01:35]} 45. Nce3 {[%emt 0:01:33]} Rf2 {[%emt 0:01:37]} 46. Kd4 {[%emt 0:02:54]} g3 {[%emt 0:03:11]} 47. Nh4 {[%emt 0:00:24]} Rf4+ {[%emt 0:00:09]} 0-1

[Event "World Team-ch Women 2017"]
[Site "Khanty-Mansyisk"]
[Date "2017.06.24"]
[Round "7"]
[White "Padmini, Rout"]
[Black "Guo, Qi"]
[Result "1-0"]
[WhiteElo "2375"]
[BlackElo "2417"]
[Annotator "TA"]
[PlyCount "121"]
[EventDate "2017.??.??"]
[EventType "team-tourn"]
[EventCountry "RUS"]
[SourceTitle "playchess.com"]
[Source "ChessBase"]
[SourceQuality "1"]
[WhiteTeam "IND"]
[BlackTeam "CHN"]
[WhiteTeamCountry "IND"]
[BlackTeamCountry "CHN"]

{[%evp 15,121,50,34,0,54,8,16,-4,8,7,14,22,31,29,45,60,55,48,68,57,76,89,68,70,75,44,18,9,9,9,9,6,8,8,41,40,38,51,42,14,31,15,24,23,30,9,9,-13,-15,-20,0,-25,-14,-35,-35,-34,-45,-34,-9,-21,0,-5,0,0,0,0,0,0,0,0,81,79,67,73,85,30,159,140,236,222,228,193,209,222,195,127,124,99,183,159,467,517,470,468,1491,1422,29978,29979,29977,1186,29985,29986,29986,29987,29987,29988,29988,29989]} 1. e4 c6 2. d4 d5 3. e5 Bf5 4. Nf3 e6 5. Be2 Nd7 6. O-O Ne7 7. Nbd2 {[%cal Bb1d2,Bd2b3,Bb3a5][%mdl 32]} c5 8. c4 {B12: Caro-Kann: Advance Variation} a6 {LiveBook: 9 Games} 9. Re1 (9. dxc5 Nxc5 10. Nb3 Nc6 11. Be3 Nxb3 12. Qxb3 d4 13. Rfd1 Bc5 14. Nxd4 Nxd4 15. Bxd4 Bxd4 {1-0 (28) Adhiban,B (2590)-Short,N (2683) Caleta 2014}) 9... Rc8 ({Better is} 9... Bg6 $11) 10. dxc5 $146 {White is slightly better.} ({Predecessor:} 10. Qa4 Nc6 11. cxd5 Nb6 12. Qb3 Nxd5 13. Nc4 b5 14. Ne3 Nxe3 15. Bxe3 cxd4 {½-½ (69) Wildi,M (2313)-Melzer,O (2180) Baden 2001}) 10... Nxc5 11. Nb3 Nd7 12. Bd2 dxc4 13. Na5 $1 {[%cal Ra5b7]} Nd5 {...c3 is the strong threat.} 14. Nxc4 Bc5 15. Bg5 f6 16. exf6 N7xf6 17. Bd3 O-O 18. Bxf5 exf5 19. Qb3 $1 Kh8 20. Rad1 {Threatens to win with Bxf6.} Qc7 $1 21. Nce5 Qb6 $1 22. Qxb6 Bxb6 23. Nd7 Nxd7 24. Rxd5 Nc5 (24... Nf6 $5 {[%cal Rf6d5]} 25. Rxf5 Rc2 $11) 25. Be3 Na4 26. Bxb6 Nxb6 27. Rd6 Na4 (27... Nc4 $5 {[%cal Rc4d6]} 28. Rd7 Nxb2 $14) 28. b3 Nc5 29. h3 Kg8 30. Nd4 (30. Re7 $5 {[%cal Rb3b4]} Rf7 31. Rxf7 Kxf7 32. b4 $14) 30... g6 31. Re5 Ne4 32. Rd7 {Black must now prevent Ree7.} Rf7 33. Rxf7 (33. Ree7 $5 {[%cal Re7f7]} Rxe7 34. Rxe7 $11) 33... Kxf7 $11 {[%mdl 4096] Endgame KRN-KRN} 34. g4 (34. f3 $5 {[%cal Rf3e4]} Nc3 35. a4 $11) 34... Rd8 35. Nf3 Kf6 {Hoping for ...Rd3.} 36. Kg2 h6 37. Ra5 Nc3 38. Rc5 Nd5 39. Kg3 Ke6 40. Rc2 Nf6 41. Rc7 Ne4+ 42. Kg2 Nd6 (42... fxg4 $11 43. hxg4 Nd6) 43. g5 $1 $16 {[%cal Rg5h6]} hxg5 44. Nxg5+ Ke5 45. Kg3 ({White should play} 45. h4 $16) 45... Rc8 (45... b5 $11) 46. Nf7+ $1 Ke6 (46... Kd5 $16 47. Rd7 Rc6) 47. Rxc8 $18 Nxc8 {KN-KN} 48. Nd8+ Ke5 49. Nxb7 Ne7 50. Na5 (50. a3 $18) 50... Nd5 $16 51. Nc4+ Kd4 {[#]} (51... Kf6 $16) 52. h4 $1 $18 {[%cal Bh3h4,Bh4h5,Bh5h6][%mdl 32]} Nb4 $2 {[#]} (52... Ke4 $16 {is tougher.} 53. f3+ Kd4) 53. Kf4 $1 Nd3+ 54. Kg5 Nxf2 (54... Kd5 $142 55. Nb6+ Ke6 56. Kxg6 Nxf2) 55. Kxg6 f4 56. h5 Ng4 57. Kf5 (57. Kg5 $142 Nh6 58. Kxh6 f3 59. Kg6 f2 60. Nd2 Kd3 61. Nf1 Ke2 62. Nh2) 57... Nf6 58. Kxf6 {White mates.} f3 59. Nd2 f2 60. Nf1 Kd3 61. h6 {Precision: White = 61%, Black = 37%.} 1-0

[Event "World Team-ch Women 2017"]
[Site "Khanty-Mansyisk"]
[Date "2017.06.24"]
[Round "7"]
[White "Majdan, Joanna"]
[Black "Goryachkina, Aleksandra"]
[Result "0-1"]
[WhiteElo "2365"]
[BlackElo "2477"]
[Annotator "TA"]
[PlyCount "106"]
[EventDate "2017.??.??"]
[EventType "team-tourn"]
[EventCountry "RUS"]
[SourceTitle "playchess.com"]
[Source "ChessBase"]
[SourceQuality "1"]
[WhiteTeam "POL"]
[BlackTeam "RUS"]
[WhiteTeamCountry "POL"]
[BlackTeamCountry "RUS"]

{[%evp 15,106,14,41,0,0,0,0,-39,-39,-31,-41,-45,-32,-41,-38,-45,-10,-76,-62,-218,-70,-70,-77,-75,-68,-61,-58,-70,-64,-64,-54,-81,-66,-112,-105,-165,-157,-150,-139,-127,-141,-136,-123,-142,-142,-279,-250,-250,-250,-250,-228,-338,-338,-338,-338,-331,-331,-303,-237,-338,-324,-300,-291,-1554,-1560,-1399,-1315,-1137,-953,-841,-1587,-1570,-1413,-1418,-1172,-1294,-1273,-1625,-1640,-1593,-1526,-12838,-12838,-12841,-12839,-12839,-12840,-12844,-12841,-12844,-12844,-12845,-12837]} 1. e4 e6 2. d4 d5 3. Nc3 Nf6 4. e5 Nfd7 5. f4 c5 6. Nf3 Nc6 7. Be3 cxd4 8. Nxd4 Qb6 9. Rb1 {C11: French: Classical System: 4 e5 and 4 Bg5 dxe4} (9. Qd2 $5 {[%cal Rd4e6]} Bc5 10. Na4 $14) (9. Qd2 Qxb2 10. Rb1 Qa3 11. Bb5 Nxd4 12. Bxd4 a6 13. Bxd7+ Bxd7 14. Rb3 Qe7 15. Rxb7 Qd8 16. O-O Rb8 17. Rxb8 Qxb8 18. f5 Qc8 19. f6 gxf6 {½-½ (33) Caruana,F (2795)-Robson,R (2663) Saint Louis 2016}) 9... Bc5 {[%cal Rc6d4]} 10. Na4 Qa5+ 11. c3 {Nxc6 is the strong threat.The position is equal.} Bxd4 $1 12. Bxd4 Nxd4 13. b4 {[#]} Nf3+ $1 {[%mdl 512]} 14. Kf2 (14. Qxf3 Qxa4) 14... Qc7 $146 {Hoping for ...Nh4.} ({Predecessor:} 14... Qd8 15. Qxf3 g5 16. g3 gxf4 17. gxf4 Rg8 18. Bd3 Qh4+ 19. Ke3 b6 20. Qf2 Qh3+ 21. Qf3 Qh4 22. Qf2 Qh3+ {½-½ (22) Howard,E (1904)-Dyce,A (1800) England 1997}) 15. Qxf3 b6 16. g3 (16. Bd3 $11) 16... Bb7 17. Qd3 $2 {[#]} (17. Bd3 $1 $15) 17... b5 ({Black should play} 17... f6 $1 $19 18. exf6 Nxf6) 18. Nc5 $15 Nxc5 19. bxc5 a6 ({Much weaker is} 19... Qxc5+ 20. Qd4 $11) 20. Qd4 O-O $36 {[%mdl 2048] Black is pushing.} 21. Bd3 Rfc8 22. a4 Qxc5 23. Rb3 Qc7 24. axb5 axb5 25. Bxb5 (25. Rhb1 $17) 25... Ra2+ $19 26. Ke3 Ba6 27. Bxa6 Rxa6 28. Rd1 Rc6 29. Kd2 Rc4 30. Qd3 (30. Qb6 $17) 30... Qa7 31. Rdb1 g6 {Strongly threatening ...d4.} 32. Ke2 Qa5 33. f5 (33. Rb8 {is a better defense.} Rxc3 34. Rxc8+ Rxc8 35. Rb2) 33... exf5 ({Don't play} 33... gxf5 34. Qd2 $19) 34. Rb5 Qxc3 35. Qxc3 Rxc3 36. Rxd5 R3c5 37. Rxc5 (37. Rd7 $142) 37... Rxc5 {[%mdl 4096] Endgame KR-KR} 38. Kf3 Rxe5 39. h4 $2 (39. Rb8+ Kg7 40. Rb4) 39... Kg7 {Black is clearly winning.} 40. Rb7 Re6 41. Ra7 Rc6 42. Rb7 h6 43. Ra7 Rc3+ 44. Kf4 Rc4+ 45. Kf3 g5 46. Ra5 Kg6 47. Ra6+ f6 48. hxg5 hxg5 49. Ra3 Rc2 50. Ke3 g4 51. Kd4 Rg2 52. Kd5 Re2 53. Kd4 Kg5 {Precision: White = 21%, Black = 75%.} 0-1

[Event "World Team-ch Women 2017"]
[Site "Khanty-Mansyisk"]
[Date "2017.06.24"]
[Round "7"]
[White "Mammadova, Gulnar"]
[Black "Batsiashvili, Nino"]
[Result "1/2-1/2"]
[WhiteElo "2362"]
[BlackElo "2468"]
[Annotator "TA"]
[PlyCount "120"]
[EventDate "2017.??.??"]
[EventType "team-tourn"]
[EventCountry "RUS"]
[SourceTitle "playchess.com"]
[Source "ChessBase"]
[SourceQuality "1"]
[WhiteTeam "AZE"]
[BlackTeam "GEO"]
[WhiteTeamCountry "AZE"]
[BlackTeamCountry "GEO"]

{[%evp 21,120,37,39,24,16,3,45,0,11,-6,16,9,40,35,32,-25,-19,-34,-28,-47,-32,-22,-16,-43,-47,-41,-39,-73,-79,-70,-90,-77,-79,-70,-81,-66,-90,-85,-22,-22,-31,-29,-27,-20,-22,-19,-12,-24,-29,-15,-17,-41,-41,-42,-34,-129,-129,-137,-40,-152,0,0,0,0,0,0,0,0,0,0,0,0,0,0,0,0,0,0,0,0,0,0,0,0,0,0,0,0,0,0,0,0,0,0,0,0,0,0,0,0,0]} 1. e4 e5 2. Nf3 Nc6 3. Bc4 Nf6 4. d3 Bc5 5. O-O O-O 6. a4 a6 7. c3 d6 8. Bg5 h6 9. Bh4 Ba7 10. Nbd2 {C54: Giuoco Piano: 4 c3 Nf6, main lines with 5 d4 and 5 d3} Qe7 11. b4 {[%cal Bb2b4,Bb4b5][%mdl 32]} Be6 {LiveBook: 3 Games} 12. Bb3 {White is slightly better.} (12. Re1 {feels hotter.} Rfe8 13. Rb1 g5 14. Bg3 Nd8 15. h3) (12. Re1 Bxc4 13. Nxc4 {1-0 (53) Ponomariov,R (2706)-Karjakin,S (2774) Almaty 2016}) 12... Bxb3 13. Qxb3 Qe6 14. b5 Na5 15. Qc2 Nd7 $146 ({Predecessor:} 15... Nh5 16. d4 Nf4 17. Kh1 {0-1 (71) Hlavsa,P (2121)-Vrana,J (2206) Czechia 2007}) 16. d4 f5 (16... Bb6 {seems wilder.} 17. h3 f6 18. Rfe1 Qf7 19. Qd3 axb5 20. axb5 Nb3) 17. exf5 Qxf5 18. Qxf5 (18. Qa2+ $14 Kh8 19. Rfe1) 18... Rxf5 $11 19. bxa6 bxa6 20. Rfe1 exd4 21. cxd4 Nb6 22. Bg3 Rb8 23. Nf1 Nb3 24. Ra2 Ra5 $1 25. Rc2 Rb7 $1 26. Re7 Nd5 $1 {[%cal Rd5e7]} 27. Rd7 Nxd4 28. Nxd4 Bxd4 {[#]} 29. Bxd6 $1 {[%mdl 512]} Rxa4 (29... Rb1 $1 $17 30. Ba3 (30. Bxc7 $2 Ne3 $19) 30... Bb6) (29... cxd6 30. Rxb7) 30. Bc5 Bxc5 31. Rxc5 Nf6 32. Rcxc7 Rxc7 33. Rxc7 {[%mdl 4096] Endgame KRN-KRN} a5 34. f3 Nd5 35. Rd7 Nb6 36. Rd8+ Kf7 37. Ne3 Rb4 38. Rd6 {[#]} (38. Kf2 $15) 38... a4 $1 $17 {[%cal Ra4a3]} 39. Nd5 Rb1+ 40. Kf2 {[#]} Rb2+ $2 (40... a3 $1 $17 {[%cal Ra3a2]} 41. Nxb6 a2 42. Rd7+ Ke6) 41. Kg3 $11 {The position is equal.} Nxd5 42. Rxd5 {KR-KR} a3 (42... Ke6 $5 {[%cal Re6d5]} 43. Ra5 Ra2 $15) 43. Ra5 a2 {...Ke6 is the strong threat.} 44. f4 Ke6 {Threatens to win with ...Kd6.} (44... g5 $5) 45. Kf3 Kd6 (45... h5 $5 46. h3 h4 $17) 46. h4 Kc6 {Hoping for ...Kb6.} (46... h5 $5 47. g3 Kc6 $19) 47. g4 Kb6 48. Ra8 Kb5 {And now ...Rc2 would win.} 49. g5 hxg5 50. fxg5 Kb4 {White must now prevent ...Rb3+.} 51. Kg4 Kb3 {Strongly threatening ...g6.} 52. Kh5 Rh2 53. Rb8+ Kc2 54. Ra8 Kb1 (54... Kd3 {is interesting.} 55. Kg6 Kc4 56. Kxg7 Kb3 57. g6 Rxh4 58. Rxa2 Kxa2 59. Kf7 Rf4+) 55. Kg6 a1=Q (55... Rxh4 $5 {[%cal Rh4g4]} 56. Kxg7 Rh2 $11) 56. Rxa1+ Kxa1 57. Kxg7 Kb2 58. g6 Rxh4 59. Kf6 Rg4 60. g7 Rxg7 {Precision: White = 64%, Black = 70%.} 1/2-1/2

[Event "World Team-ch Women 2017"]
[Site "Khanty-Mansyisk"]
[Date "2017.06.24"]
[Round "7"]
[White "Buksa, Nataliya"]
[Black "Ehab, Tasneem"]
[Result "1-0"]
[WhiteElo "2344"]
[BlackElo "1750"]
[Annotator "TA"]
[PlyCount "99"]
[EventDate "2017.??.??"]
[EventType "team-tourn"]
[EventCountry "RUS"]
[SourceTitle "playchess.com"]
[Source "ChessBase"]
[SourceQuality "1"]
[WhiteTeam "UKR"]
[BlackTeam "EGY"]
[WhiteTeamCountry "UKR"]
[BlackTeamCountry "EGY"]

{[%evp 24,99,50,56,63,57,86,88,84,77,81,64,69,60,81,68,74,78,82,79,68,33,33,33,34,34,160,157,189,164,461,461,461,454,556,460,460,460,460,460,1931,1762,2147,1891,2384,2397,2130,1075,2073,1905,29974,29974,29975,29976,29976,29977,29977,29978,29978,29978,29980,29981,29980,29974,29978,29979,29982,29983,29983,29981,29984,29983,29984,29982,29985,29985,29986,29987]} 1. e4 c5 2. Nf3 g6 3. d4 cxd4 4. Nxd4 Nc6 5. c4 Nf6 6. Nc3 Nxd4 7. Qxd4 d6 8. Be3 Bg7 9. f3 O-O 10. Qd2 Qa5 11. Rc1 Be6 12. Nd5 Qxd2+ 13. Kxd2 Bxd5 {B36: Sicilian: Maroczy Bind: Gurgenidze System} 14. cxd5 Rfc8 15. Rxc8+ Rxc8 {White is better.} 16. g3 ({Don't play} 16. Bxa7 $6 Ra8 $11) 16... b6 (16... Nd7 17. Bh3 Rc7 18. Rc1 Rxc1 19. Kxc1 Nc5 20. Kc2 a5 21. b3 {½-½ (41) Yu,R (2571)-Ma,Q (2609) China 2015}) 17. Bb5 Kf8 $146 ({Predecessor:} 17... Rc7 18. b4 Nd7 19. Bxd7 Rxd7 20. Rc1 f5 21. Rc8+ {1-0 (39) Gheorghiu,F (2470)-Sibarevic,M (2370) Bern 1990}) 18. a4 Ne8 19. Rc1 Rxc1 20. Kxc1 $14 {[%mdl 4096] Endgame KBB-KBN} Nc7 21. Bc6 Na6 22. a5 bxa5 23. Bxa7 Nc5 24. Kc2 Bd4 (24... g5 $14) 25. Bb6 $16 Nb3 26. Bc7 ({Not} 26. Kxb3 Bxb6 27. Kc4 Bg1 $11) 26... a4 $2 {[#]} (26... Na1+ 27. Kd3 Bg1) 27. Bxa4 $18 Nc5 28. Bb5 f5 29. b4 fxe4 30. bxc5 Bxc5 31. fxe4 g5 (31... Bg1 $142 32. h3 Kf7) 32. g4 Bd4 33. Kd3 Be5 34. h3 Kf7 35. Bb6 Bf4 36. Bd7 h6 37. Bd4 {White mates.} Bg3 38. Be6+ Kf8 39. Kc4 Bf4 40. Kb5 Bg3 41. Kc6 Bf4 42. Kd7 Bg3 43. Kd8 Bf4 44. Bd7 Bg3 45. Be8 Bf4 46. Kd7 Bg3 47. Bg6 Bf4 48. Bb6 Be5 49. Bd8 Bf6 50. Bh5 {Precision: White = 74%, Black = 20%.} 1-0

[Event "World Team-ch Women 2017"]
[Site "Khanty-Mansyisk"]
[Date "2017.06.24"]
[Round "7"]
[White "Pham, Le Thao Nguyen"]
[Black "Zatonskih, Anna"]
[Result "1/2-1/2"]
[WhiteElo "2344"]
[BlackElo "2419"]
[Annotator "TA"]
[PlyCount "45"]
[EventDate "2017.??.??"]
[EventType "team-tourn"]
[EventCountry "RUS"]
[SourceTitle "playchess.com"]
[Source "ChessBase"]
[SourceQuality "1"]
[WhiteTeam "VIE"]
[BlackTeam "USA"]
[WhiteTeamCountry "VIE"]
[BlackTeamCountry "USA"]

{[%evp 17,45,0,0,0,-8,-16,0,0,2,12,26,13,71,67,172,165,167,171,166,176,163,175,174,155,182,0,178,0,137,0]} 1. d4 d5 2. Nf3 Nf6 3. Bf4 c5 4. e3 Nc6 5. Nbd2 Qb6 6. dxc5 {D02: 1 d4 d5 2 Nf3 sidelines, including 2...Nf6 3 g3 and 2...Nf6 3 Bf4} Qxb2 7. Rb1 Qc3 8. Bb5 e6 {[%cal Be7e6,Be6e5][%mdl 32]} 9. O-O Be7 {LiveBook: 6 Games} 10. Nd4 $146 {[%cal Bf3d4,Bd4b5,Bb5c3,Bc3d5][%mdl 32]} ({Predecessor:} 10. Ne5 Bd7 11. Nd3 O-O 12. Bc7 Ne8 {½-½ (38) Naiditsch,A (2702)-Buhmann,R (2633) Dresden 2017}) 10... Bd7 11. N2b3 O-O 12. Bd3 {Black should prevent a3.} e5 13. Nb5 Qb4 14. Bg5 Rac8 (14... a6 $11 {remains equal.} 15. c3 Qg4 16. Qxg4 Bxg4) 15. h3 $16 h6 {[#]} (15... Ne4 $14 16. Bxe7 Nxe7) 16. a3 $1 $18 {[%cal Ra3b4]} Qa4 17. Nc3 Qxa3 18. Bxf6 $1 Bxf6 19. Nxd5 {Black must now prevent Qh5.} Bg5 20. Ra1 Qb2 21. Rb1 Qa3 $1 22. Ra1 Qb2 23. Rb1 {Precision: White = 90%, Black = 42%.} (23. Qd2 $16 e4 24. Bxe4) 1/2-1/2

[Event "World Team-ch Women 2017"]
[Site "Khanty-Mansyisk"]
[Date "2017.06.24"]
[Round "7"]
[White "Foisor, Sabina-Francesca"]
[Black "Hoang, Thi Bao Tram"]
[Result "1/2-1/2"]
[WhiteElo "2331"]
[BlackElo "2380"]
[Annotator "NA"]
[PlyCount "95"]
[EventDate "2017.??.??"]
[EventType "team-tourn"]
[EventCountry "RUS"]
[SourceTitle "playchess.com"]
[Source "ChessBase"]
[SourceQuality "1"]
[WhiteTeam "USA"]
[BlackTeam "VIE"]
[WhiteTeamCountry "USA"]
[BlackTeamCountry "VIE"]
[TimeControl "40/5400+30:1800+30"]

1. d4 {[%emt 0:00:00]} d5 {[%emt 0:00:18]} 2. c4 {[%emt 0:00:00]} c6 {[%emt 0:00:20]} 3. Nf3 {[%emt 0:00:00]} Nf6 {[%emt 0:00:28]} 4. Nbd2 {[%emt 0:00:00]} g6 {[%emt 0:03:12] D11: Slav Defence: 3 Nf3 sidelines and 3...Nf6 4 e3 Bg4} (4... Bf5 5. Nh4 Be6 6. e3 g6 7. b3 Bg7 8. Bb2 O-O 9. Rc1 Ne4 10. Bd3 Nxd2 11. Qxd2 Nd7 12. cxd5 cxd5 {½-½ (87) Mamedyarov,S (2756)-Gelfand,B (2747) Jurmala 2015}) 5. b3 {[%emt 0:00:46]} Bg7 {[%emt 0:00:25]} 6. Bb2 {[%emt 0:00:04]} O-O {[%emt 0:01:11]} 7. e3 {[%emt 0:00:13]} Ne4 {[%emt 0:03:54]} 8. Bd3 {[%emt 0:16:28]} Bf5 {[%emt 0:01:20]} 9. Qe2 $146 {[%emt 0:03:51]} ({Predecessor:} 9. Bxe4 dxe4 10. Nh4 c5 11. Nxf5 gxf5 12. Qh5 cxd4 13. O-O-O e6 14. g4 f4 15. Nxe4 Nc6 16. exd4 Qa5 17. d5 {1-0 (17) Mamedyarov,S (2542)-Guliev,S (2481) Kocaeli 2002}) 9... Nxd2 {[%emt 0:05:03]} 10. Nxd2 {[%emt 0:00:54]} Bxd3 {[%emt 0:00:18]} 11. Qxd3 {[%emt 0:00:03]} c5 {[%emt 0:01:21]} 12. O-O {[%emt 0:10:19]} cxd4 {[%emt 0:07:59]} 13. exd4 {[%emt 0:05:33]} Nc6 {[%emt 0:01:29]} 14. c5 {[%emt 0:06:11]} Rc8 {[%emt 0:04:30]} 15. Nf3 {[%emt 0:05:52]} Re8 {[%emt 0:05:17]} 16. Rad1 {[%emt 0:02:11]} b6 {[%emt 0:00:59]} 17. Ba3 {[%emt 0:04:58]} bxc5 {[%emt 0:02:31]} 18. Bxc5 {[%emt 0:03:22]} Qd7 {[%emt 0:01:15]} 19. b4 {[%emt 0:05:41]} e6 {[%emt 0:05:06]} 20. a4 $11 {[%emt 0:02:28]} Bf8 {[%emt 0:07:54]} 21. b5 {[%emt 0:01:31]} Na5 {[%emt 0:00:42]} 22. Ne5 {[%emt 0:00:21]} Qc7 {[%emt 0:02:05]} 23. Rc1 {[%emt 0:05:40]} Bd6 {[%emt 0:05:54]} 24. Ng4 {[%emt 0:04:32]} Red8 {[%emt 0:00:45]} 25. Rc3 {[%emt 0:14:56]} f5 {[%emt 0:03:26]} 26. Ne5 {[%emt 0:03:20]} Bxe5 {[%emt 0:00:19]} 27. dxe5 {[%emt 0:00:03]} Nc4 {[%emt 0:00:35]} 28. Bd4 {[%emt 0:01:32]} Qa5 {[%emt 0:00:30]} 29. h4 {[%emt 0:02:00]} Rd7 {[%emt 0:02:49]} 30. h5 {[%emt 0:00:13]} Qxa4 {[%emt 0:06:47]} 31. hxg6 {[%emt 0:00:10]} hxg6 {[%emt 0:00:06]} 32. Qg3 {[%emt 0:01:17]} Rg7 {[%emt 0:01:29]} 33. Qg5 {[%emt 0:00:16]} Qxb5 {[%emt 0:00:51]} 34. Ra1 {[%emt 0:00:54]} a5 {[%emt 0:02:47]} 35. Rh3 {[%emt 0:00:32]} Qb4 {[%emt 0:02:59]} 36. Rh6 {[%emt 0:00:44]} Qe7 {[%emt 0:01:14]} 37. Qf6 {[%emt 0:00:17]} Rf8 {[%emt 0:01:38]} 38. Qxe7 {[%emt 0:00:18]} Rxe7 {[%emt 0:00:09]} 39. Bc5 {[%emt 0:01:15]} Rg7 {[%emt 0:00:50]} 40. Bxf8 {[%emt 0:00:00]} Kxf8 {[%emt 0:00:06]} 41. f4 {[%emt 0:07:13]} Rb7 {[%emt 0:04:19]} 42. Rxg6 {[%emt 0:02:46]} Kf7 {[%emt 0:00:53]} 43. Rf6+ {[%emt 0:06:24]} Ke7 {[%emt 0:00:07]} 44. g4 {[%emt 0:04:08]} fxg4 {[%emt 0:00:11]} 45. Kg2 {[%emt 0:01:57]} Rb3 {[%emt 0:04:52]} 46. Rh1 {[%emt 0:01:23]} Rh3 {[%emt 0:01:23]} 47. Rxh3 {[%emt 0:04:20]} gxh3+ {[%emt 0:00:08]} 48. Kf3 {[%emt 0:00:55]} 1/2-1/2